000 00492nam a2200157 i 4500
001 97083
003 ES-MaACL
005 20230906182032.0
007 t|
008 050706s1971 sp ||||1| spa d
245 0 0 _aManual de plantas de pasteurización /
_ctraducido por José María Tarragona Vilas.
260 _aZaragoza :
_bAcribia,
_c1971.
300 _a126 p., lám. I.XII :
_bil. ;
_c22 cm.
700 1 _aTarragona Vilas, José María.
_9109334
852 _aES-MaACL
_jC-45610
_bR.77103
999 _c97083
_d97083